Wszystkie ulice w Zambrowie - Statystyki

Ogólne statystyki
  • Ten quiz został rozwiązany 12 razy
  • Średni wynik to 10 z 93
Statystyki odpowiedzi
Ulica % Poprawnych
Białostocka
89%
Łomżyńska
56%
Magazynowa
44%
Papieża Jana Pawła II
44%
Sadowa
33%
Żytnia
33%
71 Pułku Piechoty
22%
Adama Mickiewicza
22%
Aleja Wojska Polskiego
22%
Bolesława Prusa
22%
Cmentarna
22%
Generała Józefa Bema
22%
Kościelna
22%
Legionowa
22%
Marii Konopnickiej
22%
Ostrowska
22%
Prymasa Stefana Wyszyńskiego
22%
Rolnicza
22%
Sosnowa
22%
Świerkowa
22%
Brzozowa
11%
Generała Stefana Kosseckiego
11%
gen. Władysława Andersa
11%
Grunwaldzka
11%
Ignacego Paderewskiego
11%
Józefa Piłsudskiego
11%
Juliusza Słowackiego
11%
Kazimierza Pułaskiego
11%
Kolejowa
11%
Krótka
11%
Lipowa
11%
Mazowiecka
11%
Obrońców Zambrowa
11%
Ogrodowa
11%
Plac Sikorskiego
11%
Podleśna
11%
Polna
11%
Polowa
11%
Przemysłowa
11%
rtm. Witolda Pileckiego
11%
Sitarska
11%
Słoneczna
11%
Spokojna
11%
Stefana Żeromskiego
11%
Tadeusza Kościuszki
11%
Targowa
11%
Ustronna
11%
Wądołkowska
11%
Wilsona
11%
Wisławy Szymborskiej
11%
Zaciszna
11%
Armii Krajowej
0%
Dębowa
0%
Elektryczna
0%
Elizy Orzeszkowej
0%
Fabryczna
0%
Fryderyka Chopina
0%
Grabowska
0%
Handlowa
0%
Henryka Sienkiewicza
0%
Jantarowa
0%
Kapitana Władysława Raginisa
0%
Kawowa
0%
Księdza Henryka Kulbata
0%
Księdza Marcina Krajewskiego
0%
Łąkowa
0%
Łanowa
0%
Leśników
0%
Milenijna
0%
mjr. Stanisława Knapika
0%
Młynowa
0%
Nadrzeczna
0%
Obwodowa
0%
Ofiar Katynia
0%
Piaskowa
0%
Pogodna
0%
Poligonowa
0%
Poświątne
0%
Produkcyjna
0%
Przykoszarowa
0%
Spacerowa
0%
Sportowa
0%
Stanisława Moniuszki
0%
Stokrotki
0%
Strzelnicza
0%
Świętokrzyska
0%
Wąska
0%
Wiejska
0%
Willowa
0%
Wiśniowa
0%
Wodna
0%
Wolska
0%
Zielona
0%
Nie znaleziono quizów pasujących do podanych kryteriów
Rozkład punktacji
Procent ludzi z każdym wynikiem
Percentyl według liczby udzielonych odpowiedzi
Twoja historia wyników
Nie rozwiązałeś tego quizu